ASSESSING and measuring caring in nursing and health sciences :watson's caring science guide

Guardat en:
Dades bibliogràfiques
Format: Llibre
Idioma:anglès
Publicat: Springer Publishers 2019
Etiquetes: Afegir etiqueta
Sense etiquetes, Sigues el primer a etiquetar aquest registre!

MARC

LEADER 00000nam a22000007a 4500
008 240422b |||||||| |||| 00| 0 eng d
020 |a 9780826195418 
245 |a ASSESSING and measuring caring in nursing and health sciences  |b :watson's caring science guide  |c Kathleen L. Sitzman and Jean Watson  |g xvii, 360p 
250 |b 3rd ed.  |c SITZMAN, Kathleen L., WATSON, Jean.  
260 |b Springer Publishers  |c 2019  |h New york  |i 700642  |i 700641  |l RT42.AS7  |m Nursing audit  |m Nursing care- standards  |m Nurse- patient relations  |m Quality indicators, health care 
500 |a It includes index 
942 |a lcc  |c BK  |e Adeyemo O.O  |f 22/04/2024 
952 |0 0  |1 0  |2 lcc  |4 0  |6 RT0042 A S7  |7 0  |9 5096  |a HE  |b HOL  |c QZ  |d 2024-04-22  |l 0  |o RT42.AS7  |p 2024-0344  |r 2024-04-22 00:00:00  |t 700642  |w 2024-04-22  |y BK 
952 |0 0  |1 0  |2 lcc  |4 0  |6 RT0042 A S7  |7 0  |9 5097  |a HOL  |b HOL  |c QZ  |d 2024-04-22  |l 0  |o RT42.AS7  |p 2024-0345  |r 2024-04-22 00:00:00  |t 700641  |w 2024-04-22  |y BK 
999 |c 2530  |d 2530